| 000 | 00679nam a22001817a 4500 | ||
|---|---|---|---|
| 008 | 100116s1993 ii||||| |||| 000 0 eng d | ||
| 020 | _a8174090010 | ||
| 082 |
_222 _a621.37 _bRAM |
||
| 100 |
_910331 _aRamhabhadran, S. |
||
| 245 |
_aElectrical Measurements and Instruments/ _cS. Ramabhadran |
||
| 250 | _a2nd ed., thoroughly rev. and enlarged ed. | ||
| 260 |
_aNew Delhi: _bKhanna Pub., _c1993 |
||
| 300 |
_a391 p.: _bill.; _c23 cm. |
||
| 500 | _aIncludes bibliography p.386-387 | ||
| 650 |
_910330 _aElectric measurements |
||
| 942 |
_2ddc _cBB |
||
| 999 |
_c13131 _d13131 |
||